| 000 | 00000nas 2200000za 4500 |
| 001 | 9.674477 |
| 003 | CaOODSP |
| 005 | 20241009123858 |
| 007 | cr ||||||||||| |
| 008 | 150407d19891999oncar p o f000 a0eng|d |
| 022 | |a1701-2112 |
| 040 | |aCaOODSP|beng |
| 041 | |aeng|afre |
| 043 | |an-cn--- |
| 086 | 1 |aCS13-551-PDF |
| 130 | 0 |aLow income cut-offs (Online) |
| 210 | 0 |aLow income cut-offs |b(Online) |
| 222 | 0|aLow income cut-offs |b(Online) |
| 245 | 10|aLow income cut-offs |h[electronic resource] = |bLICOs = Seuils de faible revenu : SFR. |
| 246 | 11|aSeuils de faible revenu |
| 246 | 13|aLow income cut-offs (LICOs) |
| 260 | |a[Ottawa] : |bStatistics Canada = Statistique Canada, |c1989-1999. |
| 310 | |aAnnual |
| 362 | 0 |a1989-1999. |
| 500 | |aSome issues digitized from print edition [produced by Statistics Canada]. |
| 520 | 3 |aIntended to convey the income level at which a family may be in straitened circumstances because it has to spend a greater portion of its income on the basics (food, clothing and shelter) than does the average family of similar size. Provides a brief explanation of how the LICOs are derived and updated annually. In addition, it provides on a historical basis, LICOs for different family sizes by size of area of residence. |
| 546 | |aText in English and in French. |
| 590 | |a06-05-Supp|b2006-10-02 |
| 690 | 07|aHousehold income|2gcpds |
| 690 | 07|aPoverty|2gcpds |
| 710 | 2 |aStatistics Canada. |
| 792 | |tLow income cut-offs |efre|w(CaOODSP)9.674478 |